[Event "Laboris Gloria Ludi"]
[Site "SchemingMind.com"]
[Date "2008.07.03"]
[Round "-"]
[White "dadshane2000"]
[Black "tyler199"]
[Result "1-0"]
[WhiteCountry "USA"]
[BlackCountry "CAN"]
[WhiteElo "1878"]
[WhiteRD "79"]
[BlackElo "1633"]
[BlackRD "53"]
[GameID "161964"]

1. e4 e6 2. d4 d5 3. Nc3 Nf6 4. Bg5 Be7 5. e5 Nfd7 6. h4 c5 7. Bxe7 Kxe7 8. Qg4 Nc6 9. dxc5 Kf8 10. f4 Nxc5
11. O-O-O a6 12. Nf3 b5 13. Nd4 Qb6 14. Nxc6 Qxc6 15. Rh3 h5 16. Qf3 Bd7 17. Bd3 Nxd3+ 18. Qxd3 Rc8 19. Ne2 b4 20. Nd4 Qb6
21. Kb1 Bb5 22. Nxb5 Qxb5 23. Qxb5 axb5= 24. b3 Ke7 25. Rd4 Rc5 26. Rf3
1-0

[Event "Laboris Gloria Ludi"]
[Site "SchemingMind.com"]
[Date "2008.07.03"]
[Round "-"]
[White "tyler199"]
[Black "dadshane2000"]
[Result "0-1"]
[WhiteCountry "CAN"]
[BlackCountry "USA"]
[WhiteElo "1633"]
[WhiteRD "53"]
[BlackElo "1878"]
[BlackRD "79"]
[GameID "161965"]

1. Nf3 Nf6 2. c4 g6 3. b3 Bg7 4. Bb2 O-O 5. g3 d6 6. Bg2 e5 7. O-O c6 8. d3 Nbd7 9. Nc3 Re8 10. Nd2 Nc5
11. b4 Ne6 12. Qb3 Nd4 13. Qd1 a5 14. a3 axb4 15. axb4 Rxa1 16. Bxa1 Qb6 17. e3 Ne6 18. Qb3 Ng5 19. Nde4 Ngxe4 20. Nxe4 Nxe4
21. Bxe4 Be6 22. Rd1 Rd8 23. d4 exd4 24. Bxd4 Bxd4 25. exd4 d5 26. c5 Qc7 27. Bg2 Qd7 28. Ra1 Bf5 29. Bf1 Re8 30. Ra7 Re1
0-1

[Event "Laboris Gloria Ludi"]
[Site "SchemingMind.com"]
[Date "2008.07.05"]
[Round "-"]
[White "jtaylor"]
[Black "dadshane2000"]
[Result "1/2-1/2"]
[WhiteCountry "USA"]
[BlackCountry "USA"]
[WhiteElo "1601"]
[WhiteRD "55"]
[BlackElo "1908"]
[BlackRD "81"]
[GameID "162235"]

1. e4 e5 2. Nf3 Nc6 3. Bc4 Nf6 4. Ng5 d5 5. exd5 Na5 6. Bb5+ c6 7. dxc6 bxc6 8. Be2 h6 9. Nf3 e4 10. Ne5 Bd6
11. f4 exf3 12. Nxf3 O-O 13. O-O Qc7 14. h3 c5 15. Nc3 a6 16. Kh1 Bb7 17. d4 cxd4 18. Qxd4 Rad8 19. Bxh6 Bxf3 20. Rxf3 Be5
21. Qh4 gxh6 22. Qxh6 Nh7 23. Bd3 f6 24. Bxa6 Nc6 25. Bc4+ Kh8 26. Bd3 Rd7 27. Ne4 Nd4 28. Ng5 Rg8 29. Nxh7 Rxh7 30. Bxh7 Qxh7
31. Rxf6 Qxh6 32. Rxh6+ Kg7 33. Rh5 Bf6 34. c3 Ne2 35. Rd5 Kf7 36. Rd2 Ng3+ 37. Kg1 Ne4 38. Re2 Nc5 39. Rf1 Nd7 40. c4 Kg7
41. b4 Bd4+ 42. Kh1 Nf6 43. Rb1 Rc8 44. Rc2 Ne4 45. c5 Ng3+ 46. Kh2 Be5 47. Rb3 Nf5+= 48. g3 Nd4 49. Rc4 Nxb3=
1/2-1/2

[Event "Laboris Gloria Ludi"]
[Site "SchemingMind.com"]
[Date "2008.07.05"]
[Round "-"]
[White "jtaylor"]
[Black "tyler199"]
[Result "1/2-1/2"]
[WhiteCountry "USA"]
[BlackCountry "CAN"]
[WhiteElo "1601"]
[WhiteRD "55"]
[BlackElo "1763"]
[BlackRD "60"]
[GameID "162236"]

1. e4 Nf6 2. e5 Nd5 3. d4 d6 4. c4 Nb6 5. exd6 cxd6 6. Nc3 g6 7. Be3 Bg7 8. Rc1 O-O 9. b3 Nc6 10. d5 Ne5
11. Be2 f5 12. f4 Ng4 13. Bxg4 fxg4 14. Nge2 e5 15. dxe6 Bxe6 16. Bd4 Qh4+ 17. g3 Qh3 18. Bxg7 Kxg7 19. Qd4+ Kg8 20. Kd2 Bf5
21. Rce1 Rae8 22. Kc1 Re6 23. Qd2 Qg2 24. Nd4 Qxd2+ 25. Kxd2 Rxe1 26. Rxe1 Kf7 27. Ndb5 Rd8 28. Nc7 Rd7 29. N7d5 Nxd5 30. Nxd5 Be6
31. Rc1 Bxd5=
1/2-1/2

[Event "Laboris Gloria Ludi"]
[Site "SchemingMind.com"]
[Date "2008.07.05"]
[Round "-"]
[White "dadshane2000"]
[Black "jtaylor"]
[Result "1-0"]
[WhiteCountry "USA"]
[BlackCountry "USA"]
[WhiteElo "1908"]
[WhiteRD "81"]
[BlackElo "1601"]
[BlackRD "55"]
[GameID "162237"]

1. e4 e5 2. Nf3 Nc6 3. Bb5 a6 4. Ba4 Nf6 5. O-O Be7 6. Re1 b5 7. Bb3 d6 8. c3 O-O 9. h3 Na5 10. Bc2 c5
11. d4 Qc7 12. Nbd2 Nc6 13. d5 Nd8 14. a4 Rb8 15. axb5 axb5 16. b4 c4 17. Nf1 Ne8 18. Ng3 g6 19. Nh2 Bf6 20. Ng4 Bg7
21. Nh6+ Kh8 22. Be3 Qe7 23. Qd2 Bxh6 24. Bxh6 Ng7 25. Qe3 f6 26. Ra7 Rb7 27. Rea1 f5 28. Bxg7+ Qxg7 29. exf5 Bxf5 30. Bxf5 gxf5
31. Rxb7 Qxb7 32. Ra7 Qxd5 33. Qh6 Qg8 34. Qxd6 Nf7 35. Qf6+ Qg7 36. Qxg7+ Kxg7 37. Nxf5+ Kf6 38. Ne3 Rd8 39. Rb7 Rd3 40. Rxb5 Ke6
41. Nxc4 Rxc3 42. Ne3
1-0

[Event "Laboris Gloria Ludi"]
[Site "SchemingMind.com"]
[Date "2008.07.05"]
[Round "-"]
[White "tyler199"]
[Black "jtaylor"]
[Result "0-1"]
[WhiteCountry "CAN"]
[BlackCountry "USA"]
[WhiteElo "1633"]
[WhiteRD "53"]
[BlackElo "1658"]
[BlackRD "57"]
[GameID "162238"]

1. c4 Nf6 2. Nf3 g6 3. Nc3 Bg7 4. e4 d6 5. d4 O-O 6. Be2 e5 7. O-O Nc6 8. d5 Ne7 9. Ne1 Nd7 10. Nd3 f5
11. f3 f4 12. Bd2 g5 13. b4 Nf6 14. c5 h5 15. Qb3 Ng6 16. Kf2 g4 17. Ke1 Nh7 18. Kd1 Nf6 19. Kc2 Kh7 20. cxd6= cxd6
21. Rac1 Bd7 22. Nb2 gxf3 23. gxf3 Rg8 24. Nc4 Bf8 25. Kb1 Be7 26. Rg1 Nh4 27. Na4 b5 28. Nab6 bxc4 29. Nxc4 Rb8 30. a4 Qe8
31. Rxg8 Qxg8 32. Na5 Qg2 33. Nc6 Qxe2 34. Nxb8 Nxf3 35. Nxd7 Nxd2+
0-1

[Event "Laboris Gloria Ludi"]
[Site "SchemingMind.com"]
[Date "2008.07.07"]
[Round "-"]
[White "jnable"]
[Black "jtaylor"]
[Result "0-1"]
[WhiteCountry "PHI"]
[BlackCountry "USA"]
[WhiteElo "1749"]
[WhiteRD "85"]
[BlackElo "1636"]
[BlackRD "58"]
[GameID "162457"]

1. d4 Nf6 2. Nf3 g6 3. c4 Bg7 4. Nc3 O-O 5. e4 d6 6. Bd3 e5 7. d5 Nbd7 8. Bg5 Qe8 9. Nb5 Qd8 10. Qd2 a6
11. Nc3 Qe8 12. b4 Nh5 13. g4 Nf4 14. Bxf4 exf4 15. Rc1 f5 16. gxf5 Rxf5 17. O-O Ne5 18. Nxe5 Rxe5 19. Qxf4 Rh5 20. Rc2 Be5
21. Qe3 Bxh2+ 22. Kg2 Qe5 23. Ne2 Bh3+
0-1

[Event "Laboris Gloria Ludi"]
[Site "SchemingMind.com"]
[Date "2008.07.07"]
[Round "-"]
[White "jnable"]
[Black "dadshane2000"]
[Result "0-1"]
[WhiteCountry "PHI"]
[BlackCountry "USA"]
[WhiteElo "1748"]
[WhiteRD "85"]
[BlackElo "1908"]
[BlackRD "81"]
[GameID "162458"]

1. d4 Nf6 2. c4 g6 3. Nf3 Bg7 4. g3 O-O 5. Bg2 d6 6. O-O Nbd7 7. Nc3 e5 8. e4 a6 9. Bg5 Re8 10. Re1 h6
11. Be3 exd4 12. Nxd4 Ne5 13. b3 Nfg4 14. Bc1 Qf6 15. Qd2 Nxc4 16. bxc4 Qxd4 17. Qxd4 Bxd4 18. Bb2 Bxf2+ 19. Kh1 Bxe1 20. Rxe1 Nf2+
21. Kg1 Nd3 22. Re2 Nxb2 23. Rxb2 c6 24. Rd2 Be6 25. Rxd6 Bxc4 26. Rd7 Rab8 27. Kf2 Red8 28. Rxd8+ Rxd8
0-1

[Event "Laboris Gloria Ludi"]
[Site "SchemingMind.com"]
[Date "2008.07.07"]
[Round "-"]
[White "jnable"]
[Black "tyler199"]
[Result "1-0"]
[WhiteCountry "PHI"]
[BlackCountry "CAN"]
[WhiteElo "1748"]
[WhiteRD "85"]
[BlackElo "1763"]
[BlackRD "60"]
[GameID "162459"]

1. e4 c6 2. d4 d5 3. e5 Bf5 4. Bd3 Bxd3 5. Qxd3 e6 6. Nf3 Nd7 7. c4 dxc4 8. Qxc4 Nb6 9. Qd3 Bb4+ 10. Bd2 Bxd2+
11. Nbxd2 Ne7 12. h4 Qd5 13. h5 h6 14. b3 O-O-O 15. Nc4 Nxc4 16. bxc4 Qd7 17. O-O c5 18. Rfd1 Nf5 19. d5 Qxd5 20. cxd5
1-0

[Event "Laboris Gloria Ludi"]
[Site "SchemingMind.com"]
[Date "2008.07.07"]
[Round "-"]
[White "jtaylor"]
[Black "jnable"]
[Result "1-0"]
[WhiteCountry "USA"]
[BlackCountry "PHI"]
[WhiteElo "1636"]
[WhiteRD "58"]
[BlackElo "1749"]
[BlackRD "85"]
[GameID "162460"]

1. e4 e5 2. Nf3 Nc6 3. Bc4 d6 4. d4 exd4 5. Nxd4 Ne5 6. Be2 Nf6 7. Nc3 g6 8. f4 Neg4 9. h3 Nh6 10. g4 Nhg8
11. Qd3 Bg7 12. Be3 Ne7 13. O-O-O Bd7 14. f5 Nc6 15. g5 Nh5 16. Bxh5 gxh5 17. Rhg1 Ne5 18. Qe2 h6 19. f6 Bf8 20. Qxh5 Ng6
21. gxh6 Qxf6 22. Nd5 Qe5 23. Bg5 Bxh6 24. Nxc7+ Kf8 25. Bxh6+
1-0

[Event "Laboris Gloria Ludi"]
[Site "SchemingMind.com"]
[Date "2008.07.07"]
[Round "-"]
[White "dadshane2000"]
[Black "jnable"]
[Result "1/2-1/2"]
[WhiteCountry "USA"]
[BlackCountry "PHI"]
[WhiteElo "1900"]
[WhiteRD "77"]
[BlackElo "1767"]
[BlackRD "78"]
[GameID "162461"]

1. e4 e6 2. d4 d5 3. Nc3 Bb4 4. e5 c5 5. a3 Ba5 6. b4 cxd4 7. Qg4 g6 8. Qxd4 Nc6 9. Qf4 Nge7 10. bxa5 Qxa5
11. Bb2 d4 12. Ne2 dxc3 13. Bxc3 Qc7 14. Qc4 Nd5 15. Bb2 Bd7 16. O-O-O O-O 17. Ng3 a6 18. Ne4 Qa5 19. Be2 Rac8 20. Qb3 Qc7
21. Nf6+ Nxf6 22. exf6 Qf4+ 23. Qe3 Qxe3+ 24. fxe3 Rfd8 25. h4 e5 26. g4 Be6 27. Kb1 e4 28. g5 b5 29. h5 Rxd1+ 30. Rxd1 Rd8
31. Rxd8+ Nxd8 32. hxg6 fxg6 33. Be5 Nc6 34. Bf4 Kf7 35. Kb2 Na5 36. Kc3 Nc6 37. Bd6 Bd5 38. a4 bxa4 39. Bxa6 Ke6 40. Bf4 a3
41. Be2 a2 42. Kb2 Nb4 43. Bg4+ Kf7 44. Bd1= Ke6 45. Bg4+ Kf7 46. Bd1 Ke6 47. Bg4+ Kf7
1/2-1/2

[Event "Laboris Gloria Ludi"]
[Site "SchemingMind.com"]
[Date "2008.07.07"]
[Round "-"]
[White "tyler199"]
[Black "jnable"]
[Result "1-0"]
[WhiteCountry "CAN"]
[BlackCountry "PHI"]
[WhiteElo "1813"]
[WhiteRD "59"]
[BlackElo "1749"]
[BlackRD "85"]
[GameID "162462"]

1. d4 d5 2. c4 e6 3. Nc3 Nf6 4. Bg5 Be7 5. e3 O-O 6. Nf3 Nbd7 7. Rc1 c6 8. Bd3 dxc4 9. Bxc4 Nb6 10. Bd3 Nfd5
11. Bxe7 Qxe7 12. Ne4 Bd7 13. Nc5 Rab8 14. O-O h6 15. Bb1 Nc8 16. Qc2 Nd6 17. Qh7#
1-0

[Event "Laboris Gloria Ludi"]
[Site "SchemingMind.com"]
[Date "2008.07.07"]
[Round "-"]
[White "Ursus"]
[Black "jtaylor"]
[Result "0-1"]
[WhiteCountry "INT"]
[BlackCountry "USA"]
[WhiteElo "1629"]
[WhiteRD "90"]
[BlackElo "1601"]
[BlackRD "55"]
[GameID "162481"]

1. e4 e5 2. Nf3 Nc6 3. d4 exd4 4. Bc4 Nf6 5. e5 d5 6. Bb5 Bb4+ 7. Bd2 Qe7 8. O-O Ne4 9. Nxd4 Bxd2 10. Nxc6 Qc5
11. Nxa7+ c6 12. Nxc8 Rxc8 13. Bxc6+ Rxc6 14. Nxd2 Qxc2 15. Qxc2 Rxc2 16. Nxe4 dxe4 17. b3 O-O 18. Rfe1 f5 19. exf6 Rxf6 20. Rf1 Rd6
21. h3 Rdd2 22. a3 e3 23. Kh2 exf2 24. Rac1 Ra2 25. Rc8+ Kf7 26. Rc7+ Kg6 27. Rxb7 Re2 28. Kg3 Re3+ 29. Kf4 Re1 30. Rb6+ Kh5
31. Rb5+ Kh6
0-1

[Event "Laboris Gloria Ludi"]
[Site "SchemingMind.com"]
[Date "2008.07.07"]
[Round "-"]
[White "Ursus"]
[Black "dadshane2000"]
[Result "0-1"]
[WhiteCountry "INT"]
[BlackCountry "USA"]
[WhiteElo "1629"]
[WhiteRD "90"]
[BlackElo "1908"]
[BlackRD "81"]
[GameID "162482"]

1. e4 e5 2. d4 Nc6 3. Nf3 exd4 4. Nxd4 Bc5 5. Be3 Qf6 6. Nxc6 Bxe3 7. fxe3 dxc6 8. Nc3 Be6 9. Bd3 Nh6 10. Qe2 Ng4
11. O-O-O Qg5 12. Rde1 Ne5 13. h4 Nxd3+ 14. Qxd3 Qa5 15. Rd1 O-O 16. Kb1 b5 17. e5 b4 18. Ne2 Qxa2+ 19. Kc1 Qa1+ 20. Kd2 Qxb2
21. Nf4 Rad8
0-1

[Event "Laboris Gloria Ludi"]
[Site "SchemingMind.com"]
[Date "2008.07.08"]
[Round "-"]
[White "Ursus"]
[Black "jnable"]
[Result "0-1"]
[WhiteCountry "INT"]
[BlackCountry "PHI"]
[WhiteElo "1692"]
[WhiteRD "79"]
[BlackElo "1781"]
[BlackRD "75"]
[GameID "162483"]

1. e4 e5 2. d4 exd4 3. Nf3 d5 4. Qxd4 dxe4 5. Qxe4+ Be7 6. Bc4 Nf6 7. Qe2 O-O 8. O-O Bg4 9. Re1 Nc6 10. Qe3 Re8
11. Qb3 Bh5 12. Ng5 Rf8 13. Qxb7 Na5 14. Qb5 Nxc4 15. Qxc4 Rb8 16. Bf4 Rxb2 17. Bxc7 Qd7 18. Be5 Rb4 19. Qc3 Rg4 20. f4 Rc8
21. Qb3 Qc6 22. g3 Bc5+ 23. Kf1 Qh1+ 24. Ke2 Rxg3+ 25. Nf3 Bxf3+ 26. Kd2 Qxh2+ 27. Kc1 Qf2 28. Bc3 Ne4 29. Qb7 Nd6 30. Qa6 Rg1
31. Rxg1 Qxg1+ 32. Kb2 Rb8+
0-1

[Event "Laboris Gloria Ludi"]
[Site "SchemingMind.com"]
[Date "2008.07.07"]
[Round "-"]
[White "Ursus"]
[Black "tyler199"]
[Result "1-0"]
[WhiteCountry "INT"]
[BlackCountry "CAN"]
[WhiteElo "1686"]
[WhiteRD "87"]
[BlackElo "1687"]
[BlackRD "56"]
[GameID "162484"]

1. e4 e6 2. d4 d5 3. Nd2 Nf6 4. e5 Nfd7 5. Bd3 c5 6. c3 Nc6 7. Ne2 Qb6 8. Nf3 cxd4 9. cxd4 Bb4+ 10. Bd2 O-O
11. Ng5 h6 12. Nh7 Re8 13. Qa4 Bxd2+ 14. Kxd2 Qxb2+ 15. Ke3 Nb6 16. Qc2 Qxc2 17. Bxc2 Nc4+ 18. Kf3 Nb4 19. Bb1 Nd2+ 20. Ke3
1-0

[Event "Laboris Gloria Ludi"]
[Site "SchemingMind.com"]
[Date "2008.07.08"]
[Round "-"]
[White "jtaylor"]
[Black "Ursus"]
[Result "0-1"]
[WhiteCountry "USA"]
[BlackCountry "INT"]
[WhiteElo "1638"]
[WhiteRD "63"]
[BlackElo "1692"]
[BlackRD "79"]
[GameID "162485"]

1. e4 e5 2. Nf3 Nc6 3. Bc4 Bc5 4. b4 Bxb4 5. c3 Bc5 6. O-O d6 7. d4 exd4 8. cxd4 Bb6 9. Nc3 Bg4 10. Qb3 Qe7
11. Nd5 Qd7 12. Ng5 Bxd4 13. Qxb7 Rb8 14. Nxc7+ Kf8 15. Nce6+ Bxe6 16. Qxd7 Bxd7 17. Ba3 Nge7 18. Bxd6 Bxa1 19. Rxa1 Rc8 20. Nxf7 Rg8
21. f4 Nd4 22. Ne5 Be6 23. Bxe6 Nxe6 24. Rb1 Ke8 25. Rb7 Ng6 26. Nxg6 hxg6 27. Re7+ Kd8 28. Rxe6 Kd7 29. Rxg6 Rc1+ 30. Kf2 Rc2+
31. Kf3 Rxa2 32. Bc5 a5 33. Bd4 Ra3+ 34. Kg4 Ra2 35. Kf5 Rf8+ 36. Ke5 Rf7 37. Kd5 Rd2 38. Kc5 Ra2 39. e5 Rxf4 40. e6+ Ke7
41. Bxg7 Re2 42. Kb5 a4 43. Bh6 Re5+ 44. Ka6 Rff5
0-1

[Event "Laboris Gloria Ludi"]
[Site "SchemingMind.com"]
[Date "2008.07.08"]
[Round "-"]
[White "dadshane2000"]
[Black "Ursus"]
[Result "1-0"]
[WhiteCountry "USA"]
[BlackCountry "INT"]
[WhiteElo "1937"]
[WhiteRD "78"]
[BlackElo "1715"]
[BlackRD "79"]
[GameID "162486"]

1. e4 e5 2. Nf3 Nc6 3. Bc4 Bc5 4. b4 Bxb4 5. c3 Ba5 6. d4 d6 7. Qb3 Qe7 8. d5 Nd8 9. Qa4+ Bd7 10. Qxa5 Nf6
11. Bg5 b6 12. Qa6 O-O 13. Nbd2 h6 14. Bxf6 Qxf6 15. O-O Bc8 16. Qa4 Nb7 17. Qc6 Qe7 18. Ba6 Rb8 19. Bxb7 Bxb7 20. Qc4 f5
21. exf5 Rxf5 22. Rae1 Qf7 23. Qa4 Bxd5 24. Ra1 Qg6 25. Kh1 Rbf8 26. Qd1 Rh5 27. c4 Bb7 28. Qe2 e4 29. Ne1 Rf4 30. g3 e3+
31. Ndf3 Rxf3 32. Nxf3 Qg4 33. fxe3 Rf5 34. Kg2 g5 35. h3 Qe4 36. g4 Rf4 37. Rad1 Qxc4 38. Qxc4+ Rxc4 39. Kg3 a5 40. Nd4 Ra4
41. Rf2 Ra3 42. Nf5 Kh7 43. Re1 Bd5 44. h4 Bxa2 45. Ra1
1-0

[Event "Laboris Gloria Ludi"]
[Site "SchemingMind.com"]
[Date "2008.07.08"]
[Round "-"]
[White "jnable"]
[Black "Ursus"]
[Result "1-0"]
[WhiteCountry "PHI"]
[BlackCountry "INT"]
[WhiteElo "1781"]
[WhiteRD "75"]
[BlackElo "1692"]
[BlackRD "79"]
[GameID "162487"]

1. Nf3 Nc6 2. c4 e5 3. Nc3 Nf6 4. e3 Bb4 5. d3 d5 6. Qc2 d4 7. a3 Ba5 8. b4 Bxb4 9. axb4 Nxb4 10. Qa4+ Nc6
11. exd4 exd4 12. Ne2 O-O 13. Ng3 Re8+ 14. Be2 Bg4 15. O-O Qd6 16. Ba3 Qd7 17. Rab1 Rab8 18. h3 Be6 19. Rfe1 h6 20. Qc2 b6
21. Bf1 Nd8 22. Ne5 Qc8 23. f4 c5 24. Bc1 Nc6 25. Qf2 Nxe5 26. fxe5 Nd7 27. Ne4 Qc6 28. Nd6 Red8 29. Qg3 Nxe5 30. Bxh6 Ng6
31. Rxe6 fxe6 32. Qxg6 Qc7 33. Ne4
1-0

[Event "Laboris Gloria Ludi"]
[Site "SchemingMind.com"]
[Date "2008.07.08"]
[Round "-"]
[White "tyler199"]
[Black "Ursus"]
[Result "0-1"]
[WhiteCountry "CAN"]
[BlackCountry "INT"]
[WhiteElo "1633"]
[WhiteRD "53"]
[BlackElo "1686"]
[BlackRD "90"]
[GameID "162488"]

1. d4 d5 2. c4 c6 3. Nf3 dxc4 4. a4 b5 5. Nc3 b4 6. Ne4 Bg4 7. Ne5 Bh5 8. Ng3 Bg6 9. e3 c3 10. bxc3 bxc3
11. Ba3 Qa5 12. Qb3 e6 13. Bxf8 Kxf8 14. Qb7 c2+ 15. Ke2 Qa6+ 16. Qxa6 Nxa6 17. Nxg6+ hxg6 18. Kd2 Nb4
0-1

[Event "Laboris Gloria Ludi"]
[Site "SchemingMind.com"]
[Date "2008.07.07"]
[Round "-"]
[White "Archon"]
[Black "jtaylor"]
[Result "0-1"]
[WhiteCountry "CAN"]
[BlackCountry "USA"]
[WhiteElo "1704"]
[WhiteRD "55"]
[BlackElo "1593"]
[BlackRD "55"]
[GameID "162489"]

1. e4 e5 2. Bc4 Nf6 3. d3 Nc6 4. Nf3 h6 5. Nc3 d6 6. h3 g6 7. Be3 Bg7 8. Qd2 Be6 9. Bb3 d5 10. exd5 Nxd5
11. Nxd5 Bxd5 12. Bxd5 Qxd5 13. O-O O-O-O 14. Rab1 g5 15. Nh2 f5 16. Qe2 f4 17. Bc1 Nd4 18. Qd2 Qxa2 19. c3 Qxb1 20. cxd4 Rxd4
21. Qc3 Qxd3 22. Qc5 Kb8 23. Qe7 Rd7 24. Qe6 e4 25. Ng4 h5 26. Nf6 Bxf6 27. Qxf6 Rg8 28. Qe6 Rgd8 29. Qh6 Qb3 30. Qxg5 Rd1
31. Qxh5 Rxf1+ 32. Kxf1 Qd1+
0-1

[Event "Laboris Gloria Ludi"]
[Site "SchemingMind.com"]
[Date "2008.07.07"]
[Round "-"]
[White "Archon"]
[Black "dadshane2000"]
[Result "1/2-1/2"]
[WhiteCountry "CAN"]
[BlackCountry "USA"]
[WhiteElo "1718"]
[WhiteRD "54"]
[BlackElo "1878"]
[BlackRD "79"]
[GameID "162490"]

1. e4 c5 2. c3 Nf6 3. e5 Nd5 4. d4 cxd4 5. cxd4 d6 6. f4 Nc6 7. Nc3 e6 8. Nxd5 exd5 9. Nf3 Qa5+ 10. Bd2 Qb6
11. Bc3 dxe5 12. dxe5 Qe3+ 13. Qe2 Bc5 14. Qxe3 Bxe3 15. Bb5 Bf5 16. Bd2 Bxd2+ 17. Nxd2 O-O 18. O-O Nd4 19. Ba4 Rac8 20. Nf3 Ne2+
21. Kh1 Bd3 22. Ne1 Ba6 23. Rf2 Rfd8 24. Rd1 d4 25. Nd3 Bxd3 26. Rxd3 Nc1 27. Rd1 d3 28. Rfd2 Nxa2 29. Rxd3 Rxd3 30. Rxd3 Rc1+
31. Rd1 Rxd1+ 32. Bxd1 Nb4 33. g3 Nd3 34. Bf3 b6 35. b3 Nc5 36. b4 Ne6 37. Be2 a5 38. bxa5 bxa5 39. Bc4 Nc5 40. Kg2 Ne4
41. e6 fxe6 42. Bxe6+ Kf8 43. Kf3 Ke7 44. Bg8 Nf6 45. Bb3 Nd7 46. Ke3 Nb6 47. Kd4 a4 48. Ba2 Kd6 49. Bg8 h6 50. Ba2 Nd7
51. Bg8 Nc5 52. Ba2 Nb3+ 53. Kc3 Kd5 54. Bxb3+ axb3 55. Kxb3 Ke4 56. Kc3 Kf3 57. Kd3 Kg2 58. Ke3 Kxh2 59. Kf2 Kh3 60. Kf3 g6
61. g4 Kh4 62. f5 gxf5 63. gxf5 Kg5 64. Kg3 Kxf5 65. Kh4 Kg6 66. Kh3 Kg5 67. Kg3 h5 68. Kh3 h4 69. Kh2 Kg4 70. Kg2 h3+
71. Kh2 Kh4 72. Kh1 Kg3 73. Kg1 h2+ 74. Kh1 Kf2=
1/2-1/2

[Event "Laboris Gloria Ludi"]
[Site "SchemingMind.com"]
[Date "2008.07.07"]
[Round "-"]
[White "Archon"]
[Black "Ursus"]
[Result "1-0"]
[WhiteCountry "CAN"]
[BlackCountry "INT"]
[WhiteElo "1740"]
[WhiteRD "56"]
[BlackElo "1629"]
[BlackRD "90"]
[GameID "162491"]

1. e4 e5 2. Bc4 Nf6 3. d3 Bc5 4. Nf3 Nc6 5. O-O O-O 6. Nc3 d6 7. Bg5 Bg4 8. h3 Bh5 9. Nd5 Nd4 10. Nxf6+ gxf6
11. Bh6 Re8 12. c3 Nxf3+ 13. gxf3 Kh8 14. d4 Rg8+ 15. Kh2 Bb6 16. Be2 f5 17. Rg1 Qh4 18. Bd2 Rxg1 19. Qxg1 fxe4 20. Bg5 Rg8
21. Bxh4 Rxg1 22. Rxg1 exf3 23. Bd3
1-0

[Event "Laboris Gloria Ludi"]
[Site "SchemingMind.com"]
[Date "2008.07.08"]
[Round "-"]
[White "Archon"]
[Black "jnable"]
[Result "1-0"]
[WhiteCountry "CAN"]
[BlackCountry "PHI"]
[WhiteElo "1718"]
[WhiteRD "54"]
[BlackElo "1747"]
[BlackRD "77"]
[GameID "162492"]

1. e4 c5 2. c3 d5 3. exd5 Qxd5 4. d4 Nf6 5. Nf3 Bg4 6. Be2 e6 7. Be3 Nc6 8. Nbd2 cxd4 9. cxd4 Bb4 10. O-O O-O
11. h3 Bh5 12. a3 Ba5 13. b4 Bc7 14. Re1 Rad8 15. Qb3 Qxb3 16. Nxb3 Nd5 17. Nc5 Nxe3 18. fxe3 Bg3 19. Rf1 e5 20. Ra2 exd4
21. Nxd4 Bxe2 22. Nxe2 Bh4 23. Nd4 Nxd4 24. exd4 Rxd4 25. Nxb7 Be7 26. Rc2 g6 27. Nc5 Rc8 28. Rfc1 Bxc5 29. Rxc5 Rxc5 30. Rxc5 Rd7
31. a4 Rb7 32. b5 Kf8 33. Kf2 Ke7 34. Ke3 Kd6 35. Rc6+ Kd5 36. Ra6 Kc4 37. g4 h6 38. Ke4 Re7+ 39. Kf4 Kb4 40. h4 Rd7
41. Ke4 Rc7 42. Ke5 Kc5 43. Kf6 Rd7 44. Ke5 Re7+ 45. Kf4 Kb4 46. h5 gxh5 47. gxh5 Rc7 48. Rxh6 Kxa4 49. Rc6 Rb7 50. h6 Rxb5
51. Ra6+ Kb4 52. Kg4 Rb8 53. Rxa7 Rh8 54. Kg5 Kc5 55. Rxf7 Kd6 56. Kg6 Ke6 57. Rg7
1-0

[Event "Laboris Gloria Ludi"]
[Site "SchemingMind.com"]
[Date "2008.07.07"]
[Round "-"]
[White "Archon"]
[Black "tyler199"]
[Result "1-0"]
[WhiteCountry "CAN"]
[BlackCountry "CAN"]
[WhiteElo "1736"]
[WhiteRD "54"]
[BlackElo "1813"]
[BlackRD "59"]
[GameID "162493"]

1. e4 e5 2. Bc4 Nf6 3. d3 Nc6 4. Nf3 Be7 5. O-O O-O 6. Bg5 d6 7. Nc3 Bg4 8. Bxf6 Bxf6 9. h3 Bh5 10. Nd5 Bg5
11. Ne3 Nd4 12. g4 Nxf3+ 13. Qxf3 Bg6 14. Nf5 Bf4 15. Ne3 Bxe3 16. fxe3 Qh4 17. Rf2 h5 18. Raf1 hxg4 19. hxg4 c6 20. Rh2 Qg5
21. Kg2 b5 22. Rfh1
1-0

[Event "Laboris Gloria Ludi"]
[Site "SchemingMind.com"]
[Date "2008.07.07"]
[Round "-"]
[White "jtaylor"]
[Black "Archon"]
[Result "1-0"]
[WhiteCountry "USA"]
[BlackCountry "CAN"]
[WhiteElo "1593"]
[WhiteRD "55"]
[BlackElo "1704"]
[BlackRD "55"]
[GameID "162494"]

1. e4 d6 2. d4 g6 3. Nf3 Bg7 4. Nc3 a6 5. Be3 b5 6. Be2 Bb7 7. Qd2 Nd7 8. O-O-O Rc8 9. Rhe1 c5 10. dxc5 Nxc5
11. Bd4 Nf6 12. e5 dxe5 13. Bxb5+ axb5 14. Rxe5 Ne6 15. Rxb5 Bxf3 16. gxf3 O-O 17. Bxf6 Qxd2+ 18. Rxd2 Bxf6 19. Nd5 Bh4 20. Rb4 Bg5
21. f4 Bh6 22. Nxe7+ Kh8 23. Nxc8 Rxc8 24. Kb1 Nxf4 25. Rd7 Re8 26. a4 Kg8 27. Rbb7 Rf8 28. a5 Ne6 29. b4 Bg7 30. a6 Nd8
31. Rb8
1-0

[Event "Laboris Gloria Ludi"]
[Site "SchemingMind.com"]
[Date "2008.07.08"]
[Round "-"]
[White "dadshane2000"]
[Black "Archon"]
[Result "1-0"]
[WhiteCountry "USA"]
[BlackCountry "CAN"]
[WhiteElo "1886"]
[WhiteRD "84"]
[BlackElo "1736"]
[BlackRD "54"]
[GameID "162495"]

1. e4 d6 2. d4 g6 3. c4 Bg7 4. Nc3 c5 5. d5 e6 6. Be2 Ne7 7. f4 Na6 8. Nf3 Nc7 9. O-O exd5 10. cxd5 Bg4
11. a4 O-O 12. Nd2 Bxe2 13. Nxe2 b5 14. Ng3 b4 15. Qc2 a5 16. f5 Nc8 17. Nc4 Ne8 18. Qf2 Nb6 19. Nxb6 Qxb6 20. Bg5 h6
21. Be3 g5 22. Nh5 Be5 23. f6 Qd8 24. Qf5 Qc8 25. Rab1 Qxf5 26. Rxf5 Kh7 27. g4 Kg6 28. Rxe5 dxe5 29. Bxc5 Rg8 30. Be7 Ra6
31. Rc1 Nd6 32. Ng3 Rc8 33. Rxc8 Nxc8 34. Nf5 Rxf6 35. Bxf6 Kxf6 36. b3 Ne7 37. Nxe7 Kxe7 38. Kf2 Kd6 39. Ke3 Kc5 40. Kd3
1-0

[Event "Laboris Gloria Ludi"]
[Site "SchemingMind.com"]
[Date "2008.07.07"]
[Round "-"]
[White "Ursus"]
[Black "Archon"]
[Result "1-0"]
[WhiteCountry "INT"]
[BlackCountry "CAN"]
[WhiteElo "1719"]
[WhiteRD "79"]
[BlackElo "1695"]
[BlackRD "59"]
[GameID "162496"]

1. e4 d6 2. d4 g6 3. Be3 Bg7 4. Qd2 a6 5. Nf3 b6 6. Bc4 Nd7 7. O-O e6 8. Nc3 Bb7 9. d5 e5 10. a4 Qe7
11. b4 Bc8 12. Ne2 Ndf6 13. Qd3 Nh6 14. h3 Nhg8 15. Nd2 Nd7 16. f4 Ngf6 17. f5 Bb7 18. Bg5 h6 19. Be3 g5 20. a5 b5
21. Bxb5 axb5 22. Qxb5 Ba6 23. Qc6 Qd8 24. c4 O-O 25. b5 Qc8 26. bxa6 Rxa6 27. Qb5 Nb8 28. Rab1 Nh5 29. g3 c6 30. Qb4 c5
31. Qb5 Qc7 32. Nb3 Nf6 33. Nc3 Nh5 34. Kg2 Nf4+ 35. gxf4 exf4 36. Bd2 Re8 37. Kf3 Be5 38. Rg1 Rc8 39. h4 f6 40. Ne2 Kf7
41. Nbc1 Rh8 42. Qb7 Ra7 43. Qxc7+ Rxc7 44. Nd3 Nd7 45. Rb3 Ra8 46. Rgb1 Raa7 47. Nc3 Rxa5 48. Nb5 Rxb5 49. Rxb5 Bd4 50. Rb7 Rxb7
51. Rxb7 Ke8 52. Ba5 Ke7 53. Nc1 Ke8 54. Bc7 Ke7 55. Nb3 Ne5+ 56. Kg2 g4 57. Nxd4
1-0

[Event "Laboris Gloria Ludi"]
[Site "SchemingMind.com"]
[Date "2008.07.08"]
[Round "-"]
[White "jnable"]
[Black "Archon"]
[Result "1-0"]
[WhiteCountry "PHI"]
[BlackCountry "CAN"]
[WhiteElo "1846"]
[WhiteRD "86"]
[BlackElo "1704"]
[BlackRD "55"]
[GameID "162497"]

1. e4 d6 2. d4 g6 3. f4 Bg7 4. Nf3 Bg4 5. Be2 Bxf3 6. Bxf3 Nc6 7. c3 e5 8. d5 Nb8 9. Na3 Nd7 10. O-O Ngf6
11. Nc4 Qe7 12. Qb3 b5 13. Qxb5 Rb8 14. Qa4 O-O 15. Qxa7 Nc5 16. fxe5 dxe5 17. d6
1-0